|
|
|
|
| LEADER |
00000nam a22000007a 4500 |
| 005 |
20180504232734.0 |
| 007 |
cr|||| |||| |
| 008 |
180504s2017 br |||||s|||| 00||0 por d |
| 020 |
|
|
|a 978-85-361-9440-0
|
| 035 |
|
|
|a 21587
|
| 040 |
|
|
|a vLex
|
| 090 |
|
|
|c 7914
|d 7914
|
| 100 |
1 |
|
|a Pereira Soboll, Lis Andrea
|
| 245 |
1 |
0 |
|a Intervenė̳s em Assďio Moral e Organizacional
|h [Recurso electrn̤ico] /
|c Lis Andrea Pereira Soboll
|
| 256 |
|
|
|a Servicio en ln̕ea
|
| 260 |
|
|
|a San Pablo:
|b LTR,
|c 2017
|
| 300 |
|
|
|a 1 recurso electrn̤ico
|
| 500 |
|
|
|a As pg̀inas deste livro compartilham intervenė̳s, vivn̊cias e anl̀ises sobre o assďio moral, as quais foram validadas no dil̀ogo com o conhecimento cientf̕ico e que se apresentam como fruto da consolidaȯ̂ e do amadurecimento da experin̊cia prt̀ica dos diversos autores. Alm̌ de apresentar estratǧias, tčnicas e teorias, este livro compartilha a ousadia, a esperanȧ e os esforȯs da prt̀ica na prt̀ica, que certamente serô convites inspiradores para a transformaȯ̂ de outras realidades, a partir dos espaȯs possv̕eis de aȯ̂. Em cada capt̕ulo um convite, uma inspiraȯ̂!
|
| 506 |
1 |
|
|a Disponible solo en los productos indicados
|d vLex Global
|d vLex Global (Academic Edition, excluding Law Schools)
|d vLex Global (U.S. Academic Edition, Law Schools)
|d vLex Global (U.S. Academic Edition, excluding Law Schools)
|d vLex Global (Academic Edition, Law Schools)
|
| 650 |
0 |
4 |
|a Derecho Laboral y Seguridad Social
|z Brasil
|
| 740 |
0 |
|
|a vLex Libros (Servicio en ln̕ea)
|
| 856 |
4 |
0 |
|u http://vlex.com/source/interven-es-em-assedio-moral-e-organizacional-21587
|z Acceso restringido
|
| 942 |
|
|
|c BOOK
|
| 999 |
0 |
|
|a Labor law and social security
|